What's in a name? Complexities in the definition of 'refurbishment'. (Record no. 69878)
[ view plain ]
| 000 -LEADER | |
|---|---|
| fixed length control field | 01014cam a2200229 4500 |
| 001 - CONTROL NUMBER | |
| control field | ABS65224 |
| 008 - FIXED-LENGTH DATA ELEMENTS--GENERAL INFORMATION | |
| fixed length control field | 020402n2002 000 0 eng u |
| 035 ## - SYSTEM CONTROL NUMBER | |
| System control number | (Sirsi) u117294 |
| 100 ## - MAIN ENTRY--PERSONAL NAME | |
| Personal name | Mansfield, J. |
| 245 ## - TITLE STATEMENT | |
| Title | What's in a name? Complexities in the definition of 'refurbishment'. |
| 260 ## - PUBLICATION, DISTRIBUTION, ETC. | |
| Date of publication, distribution, etc. | 2002 |
| 490 ## - SERIES STATEMENT | |
| Series statement | Property Management |
| Volume/sequential designation | 20(1) 2002, 23-30(8) |
| 520 ## - SUMMARY, ETC. | |
| Summary, etc. | The paper discusses the findings of research on the distinct characteristics of refurbishment in the lifecycle of a building. Considers the limitations within the definitions highlighted. Aims to raise awareness of property managers across all sector to the definitional process and to inform the decision-making process. |
| 590 ## - LOCAL NOTE (RLIN) | |
| Local note | ABS |
| 650 ## - SUBJECT ADDED ENTRY--TOPICAL TERM | |
| Topical term or geographic name entry element | DEFINITIONS |
| 650 ## - SUBJECT ADDED ENTRY--TOPICAL TERM | |
| Topical term or geographic name entry element | PROPERTY LIFECYCLE |
| 650 ## - SUBJECT ADDED ENTRY--TOPICAL TERM | |
| Topical term or geographic name entry element | BUILT ENVIRONMENT-BUILDING MAINTENANCE AND REFURBISHMENT |
| 650 ## - SUBJECT ADDED ENTRY--TOPICAL TERM | |
| Topical term or geographic name entry element | PROPERTY DEPRECIATION |
| 650 ## - SUBJECT ADDED ENTRY--TOPICAL TERM | |
| Topical term or geographic name entry element | BUILT ENVIRONMENT-BUILDING MAINTENANCE AND REFURBISHMENT |
| 690 ## - LOCAL SUBJECT ADDED ENTRY--TOPICAL TERM (OCLC, RLIN) | |
| Topical term or geographic name as entry element | Refurbishment |
| 9 (RLIN) | 6264 |
| 942 ## - ADDED ENTRY ELEMENTS (KOHA) | |
| Suppress in OPAC | 0 |
| Withdrawn status | Lost status | Source of classification or shelving scheme | Damaged status | Not for loan | Home library | Current library | Shelving location | Date acquired | Total Checkouts | Full call number | Barcode | Date last seen | Copy number | Price effective from | Koha item type |
|---|---|---|---|---|---|---|---|---|---|---|---|---|---|---|---|
| Dewey Decimal Classification | London | London | Journal article | 02/04/2002 | ABS65224 | 117294-1001 | 06/08/2019 | 1 | 06/08/2019 | Journal article |